Guía del Madrid de "Celia en la revolución" / (Record no. 190767)
[ view plain ]
| 000 -LEADER | |
|---|---|
| campo de control de longitud fija | 02622nam a2200349 i 4500 |
| 001 - NÚMERO DE CONTROL | |
| campo de control | 190767 |
| 003 - IDENTIFICADOR DE NÚMERO DE CONTROL | |
| campo de control | ES-MaACL |
| 005 - FECHA Y HORA DE LA ÚLTIMA TRANSACCIÓN | |
| campo de control | 20250825062644.0 |
| 008 - DATOS DE LONGITUD FIJA--INFORMACIÓN GENERAL | |
| campo de control de longitud fija | 220701s2022 sp a 001 0 spa |
| 020 ## - NÚMERO INTERNACIONAL ESTÁNDAR DEL LIBRO | |
| Número Internacional Estándar del Libro | 978-84-16300-97-6 |
| 040 ## - FUENTE DE CATALOGACIÓN | |
| Centro/agencia transcriptor | ES-MaACL |
| 100 0# - ENTRADA PRINCIPAL--NOMBRE DE PERSONA | |
| Nombre de persona | Fraga, María Jesús |
| 9 (RLIN) | 52067 |
| Término indicativo de función/relación | Autor |
| 245 10 - MENCIÓN DEL TÍTULO | |
| Título | Guía del Madrid de "Celia en la revolución" / |
| Mención de responsabilidad, etc. | María Jesús Fraga ; ilustraciones y diseño gráfico de Juan Millares Alonso ; prólogo de Fernando Castillo Cáceres. |
| 260 ## - PUBLICACIÓN, DISTRIBUCIÓN, ETC. | |
| Lugar de publicación, distribución, etc. | Madrid : |
| Nombre del editor, distribuidor, etc. | Ulises, |
| Fecha de publicación, distribución, etc. | [2022]. |
| 300 ## - DESCRIPCIÓN FÍSICA | |
| Extensión | 274 p. : |
| Otras características físicas | il. col. y n., planos ; |
| Dimensiones | 21 cm. |
| 490 1# - MENCIÓN DE SERIE | |
| Mención de serie | El mundo de Celia ; |
| Designación de volumen o secuencia | 0 |
| 520 ## - RESUMEN, ETC. | |
| Sumario, etc. | Sería difícil calcular cuántos kilómetros recorrió Celia por el Madrid de la Guerra Civil. Pero fueron muchos, según nos relata Elena Fortún en Celia en la revolución. Su condición de hija de un combatiente herido en el frente e internado en el Hospital Militar de Carabanchel y el deber de cuidar a sus hermanas pequeñas, alojadas en un albergue de la calle Serrano, la obligaron a cruzar la ciudad continuamente. Más tarde será la solidaridad con las amigas lo que justifica sus escalofriantes recorridos bajo las bombas. La mayoría de los desplazamientos durante el último año de la contienda tienen como finalidad el procurarse alimento. Son recorridos por un Madrid fantasmagórico de escombros, cafés decadentes y mercados ambulantes, que conforman lo que bien podría llamarse «geografía del hambre». Esta guía nos invita a acompañar a Celia en sus recorridos por la ciudad de Madrid y sus afueras, y descubrir con ella los lugares que marcaron la capital asediada: los parajes donde se abandonaban los fusilados, los edificios destruidos por las bombas, los locales de ocio... Algunos se conservan intactos, pero muchos otros han sido destruidos por la piqueta especulativa o por la voluntad de borrar toda huella de la contienda. |
| 600 17 - PUNTO DE ACCESO ADICIONAL DE MATERIA--NOMBRE DE PERSONA | |
| Nombre de persona | Fortún, Elena, |
| Fechas asociadas al nombre | 1886-1952 |
| Fuente del encabezamiento o término | embne |
| 9 (RLIN) | 166428 |
| 650 #7 - PUNTO DE ACCESO ADICIONAL DE MATERIA--TÉRMINO DE MATERIA | |
| Término de materia o nombre geográfico como elemento de entrada | Rutas literarias- |
| Subdivisión geográfica | Madrid |
| 9 (RLIN) | 138068 |
| 651 #7 - PUNTO DE ACCESO ADICIONAL DE MATERIA--NOMBRE GEOGRÁFICO | |
| Nombre geográfico | Madrid- |
| Subdivisión general | En la literatura |
| 9 (RLIN) | 138069 |
| 655 #7 - TERMINO DE INDIZACIÓN--GENERO/FORMA | |
| Fuente del término | tgfbne |
| Datos o término principal de género/forma | Libros ilustrados |
| 9 (RLIN) | 193653 |
| 700 1# - ENTRADA AGREGADA--NOMBRE PERSONAL | |
| Nombre de persona | Millares Alonso, Juan |
| 9 (RLIN) | 174742 |
| Término indicativo de función/relación | Ilustrador |
| 700 0# - ENTRADA AGREGADA--NOMBRE PERSONAL | |
| Nombre de persona | Castillo Cáceres, Fernando |
| 9 (RLIN) | 36728 |
| Término indicativo de función/relación | Autor de introducción |
| 830 ## - PUNTO DE ACCESO ADICIONAL DE SERIE-TÍTULO UNIFORME | |
| 9 (RLIN) | 239988 |
| Título uniforme | El mundo de Celia ; |
| Designación de volumen o secuencia | 0 |
| 852 4# - LOCALIZACIÓN | |
| Ubicación | ES-MaACL |
| Número de control de estantería | A-14986 |
| itemnumber | 197949 |
| Sublocalización o colección | R.153391 |
| Ubicación en estantería | Depósito 1 |
| Signatura antigua | Olim: N-7986 |
| Donativo/Legado | Donación: Pilar Fernandez Vera |
| 903 ## - NOMBRE PERSONAL DE DONANTE | |
| a | Fernández Vera, Pilar, |
| d | 1961- |
| e | Donante |
| 9 | 49420 |
| 942 ## - ELEMENTOS DE ENTRADA SECUNDARIOS (KOHA) | |
| Tipo de ítem Koha | Libro impreso |
| Suprimir en OPAC | No |
| Estatus retirado | Estado de pérdida | Fuente del sistema de clasificación o colocación | Estado de daño | No para préstamo | Biblioteca de origen | Biblioteca actual | Ubicación en estantería | Fecha de adquisición | Fuente de adquisición | Total de préstamos | Signatura topográfica completa | Código de barras | Visto por última vez | Precio de reemplazo | Tipo de ítem Koha |
|---|---|---|---|---|---|---|---|---|---|---|---|---|---|---|---|
| Clasificación decimal universal | Biblioteca del Ateneo de Madrid | Biblioteca del Ateneo de Madrid | Depósito 1 | 01/07/2022 | Donación | A-14986 | 1203036 | 23/02/2023 | 23/02/2023 | Libro impreso |
